| 000 | 00569nam a2200169 i 4500 | ||
|---|---|---|---|
| 001 | 50890 | ||
| 003 | ES-MaACL | ||
| 005 | 20230906162245.0 | ||
| 007 | t| | ||
| 008 | 030807s1957 sp ||||1| spa d | ||
| 245 | 0 | 0 |
_aCuentos asturianos _b: (premiados unos y seleccionados otros en el concurso del I.D.E.A.). |
| 260 |
_aOviedo : _bDiputación de Asturias, _c1957 ( _fSumma) |
||
| 300 |
_a162 p. ; _c21 cm. |
||
| 500 | _aPrecede al tít.: Instituto de Estudios Asturianos. | ||
| 710 | 2 |
_aInstituto de Estudios Asturianos. _94889 |
|
| 852 |
_aES-MaACL _jC-15101 _bR.42452 |
||
| 999 |
_c50890 _d50890 |
||